| 000 | 00818nam a2200241Ia 4500 | ||
|---|---|---|---|
| 003 | GCL | ||
| 008 | 140319s9999 xx 000 0 ara d | ||
| 040 |
_aGCL / _cGCL |
||
| 082 | 0 | 4 |
_a301.24 _bز د |
| 100 | 1 | _aزكريا فودة | |
| 245 | 1 | 0 |
_aدراسات فى المجتمع المصرى المعاصر سوسيولوجية وانثروبولوجية / _cزكريا فودة |
| 260 |
_a[S.N] : _bدار المعارف ، _c1985 |
||
| 300 | _a286 ص | ||
| 490 | _a | ||
| 650 | 0 | 4 | _aالمرأة فى مصر |
| 650 | 0 | 4 | _aالتنمية الاجتماعية |
| 650 | 0 | 4 | _aالمرأة العاملة |
| 650 | 0 | 4 | _aالمجتمع المصرى |
| 650 | 0 | 4 | _aالتغير الاجتماعى |
| 650 | 0 | 4 | _aالدراسات الاجتماعية |
| 650 | 0 | 4 | _aالهجرة الداخلية |
| 942 |
_2ddc _cBK |
||
| 999 |
_c55796 _d55796 |
||